| 000 | 00480cam a2200145 4500500 | ||
|---|---|---|---|
| 005 | 20260111090535.0 | ||
| 041 | _afre | ||
| 042 | _adc | ||
| 100 | 1 | 0 |
_aMambrino, Jean _eauthor |
| 245 | 0 | 0 | _aJ. M. G. Le Clézio, Révolutions, Roman. Gallimard, 2003, 556 pages, 22 € |
| 260 | _c2003. | ||
| 500 | _a2 | ||
| 786 | 0 | _nÉtudes | 398 | 5 | 2003-05-01 | p. 703a-719a | 0014-1941 | |
| 856 | 4 | 1 | _uhttps://shs.cairn.info/revue-etudes-2003-5-page-703a?lang=fr&redirect-ssocas=7080 |
| 999 |
_c1619085 _d1619085 |
||